000 00409nam a2200181Ia 4500
100 _aSadiku/Matthew/N.O
650 _aElectromagnetics
250 _a4
942 _cBK
366 _f25
654 _aelectromagnetics
245 _aPrinciples of Electromagnetics
260 _bOxford university press
_c2009
082 _a530.141
_bSAD
300 _a734
546 _aENGLISH
_cComputers
999 _c30182
_d30182